000 00589nam a2200217Ia 4500
008 101110s9999 xx 000 0 und d
041 _aENGLISH
082 _bSR27843
100 _aAjagaonkar Parag Mahwshwari, Anuaradha & Patkar Anjali
245 _aBusiness system and society FYBCom
260 _c2002
_bSheth Publishers, Mumbai
300 _a394
365 _b100
520 _aCommerce
546 _aENGLISH
630 _aBusiness system and society FYBCom
650 _aCommerce
655 _aCommerce
730 _aBusiness system and society FYBCom
942 _cBOOK
999 _c820394
_d820391